000 00458nam a2200181Ia 4500
001 8136
005 20260306160547.0
008 260306t2012||||xx |||||||||||||| ||spa||
041 _aESP
082 _a370.114
_bF96
100 _aFunes Lapponi, Silvina
_eAUT
245 0 _aGestión eficaz de la convivencia en los centros educativos
260 _c2012
300 _a330 páginas :
_c24 cm.
650 _aGEN
654 _aCED
942 _cLIB
_dJUS
_fJUS
_2ddc
_n
999 _c8136
_d8136